| 000 | 01974nam0a2200349 4500 | ||
|---|---|---|---|
| 001 | RU\NLR\bibl\1294261 | ||
| 005 | 20260405175551.0 | ||
| 010 |
_a978-5-902108-16-0 _92000 |
||
| 021 |
_aRU _b2008-74798 _94302 |
||
| 035 | _a(NLR Aleph) 001279902 | ||
| 090 |
_a492355 _c492355 |
||
| 100 | _a20081113d2008 |||y0rusy50 ca | ||
| 101 | 0 | _arus | |
| 102 | _aRU | ||
| 105 | _ay ||||||||| | ||
| 200 | 1 |
_aСовременный системный комплекс делопроизводства в сфере государственного управления и государственной гражданской службы Российской Федерации _eучебное пособие _fВ.В. Борискин, Н.М. Поликарпова, С.Г. Тихомиров |
|
| 210 |
_aСанкт-Петербург _cКодекс _d2008 |
||
| 215 |
_a365 с. _d21 |
||
| 300 | _aНа 4-й с. обл. 1-й и 2-й авт.: Борискин В.В. - к.ю.н., преп., Поликарпова Н.М. - засл. юрист Рос. Федерации | ||
| 320 | _aБиблиогр.: с. 357-360 и в подстроч. прим. | ||
| 320 | _aДр. кн. 3-го авт. на 4-й с. обл. | ||
| 606 | 1 |
_aГосударственная служба _jУчебные издания _xДелопроизводство _yРоссийская Федерация _92410621 _3RU\NLR\auth\661436312 |
|
| 686 | _aХ621.02-8я7 | ||
| 700 | 1 |
_aБорискин _bВ. В. _gВладимир Вячеславович _4070 |
|
| 701 | 1 |
_aПоликарпова _bН. М. _gНаталия Михайловна _4070 |
|
| 701 | 1 |
_4070 _7ca _8rus _aТихомиров _bС. Г. _cспециалист в обл. информ. технологий _f1958- _gСергей Григорьевич _959544 _3RU\NLR\auth\7776616 |
|
| 801 | 0 |
_aRU _bNLR _c20081113 _gRCR |
|
| 801 | 1 |
_aRU _bNLR _c20081113 |
|
| 830 | _aАвт. по кн. | ||
| 942 | _cBOOK | ||
| 980 | _aNB | ||